| 000 | 00619nam a2200253Ia 4500 | ||
|---|---|---|---|
| 005 | 20250425162104.0 | ||
| 008 | 250425s9999 xx 000 0 und d | ||
| 041 | _aspa | ||
| 043 | _aec | ||
| 082 | _a341.02636 | ||
| 100 | _aEDICIONES, LEGALES | ||
| 245 | 0 | _aMANUAL LEGAL PARA EL EMPRESARIO Y EL EJECUTIVO | |
| 250 | _a4A ED. | ||
| 260 |
_aEcuador _bCORPORACION MYL _c1999 |
||
| 260 | _aQUITO | ||
| 300 | _a100 | ||
| 500 | _aTOMO 2 | ||
| 650 | _aEMPRESARIOS | ||
| 650 | _aLEYES | ||
| 650 | _aREGLAMENTOS DE HIDROCARBUROS | ||
| 710 | _aEDICIONES LEGALES DEL ECUADOR | ||
| 942 | _c01 | ||
| 010 | _a49041 | ||
| 999 |
_c222109 _d222109 |
||